000 00769nam a2200253 a 4500
001 BRCA_5490
005 20190320205113.0
008 020211s1949----sp-#######---#000-0#spa-#
041 _aspa
044 _asp
050 4 _aNA5811.T6
_b.R57 1
_c1949
100 1 _aRivera Recio, Juan Francisco
_914030
245 1 0 _aGuía de la catedral de Toledo
_cJuan Francisco Rivera Recio.
260 _aToledo, España
_bCatólica Toledana
_c1949
300 _a111 p.
_bil., 327 fotografías
_c17 cm.
500 _aEjemplar igual a F13
500 _aE34
610 2 4 _aCatedral de Toledo (España)
_914031
650 1 4 _aArquitectura religiosa
_zEspaña
_97863
650 1 4 _aCatedrales
_97862
651 4 _aToledo, España
_vDescripción
_914032
902 _aGFM
942 _2lcc
_cB
999 _c5184
_d5184